<?xml version="1.0" encoding="UTF-8"?><record xmlns="http://www.loc.gov/MARC21/slim" xmlns:zs="http://docs.oasis-open.org/ns/search-ws/sruResponse">
  <leader>01609cam a22003611  4500</leader>
  <controlfield tag="001">8209346</controlfield>
  <controlfield tag="005">20250608023244.5</controlfield>
  <controlfield tag="008">900816s1852    nyu           000 0 eng  </controlfield>
  <datafield ind1=" " ind2=" " tag="035">
    <subfield code="a">8209346</subfield>
  </datafield>
  <datafield ind1=" " ind2=" " tag="906">
    <subfield code="a">7</subfield>
    <subfield code="b">cbc</subfield>
    <subfield code="c">premver</subfield>
    <subfield code="d">u</subfield>
    <subfield code="e">ncip</subfield>
    <subfield code="f">19</subfield>
    <subfield code="g">y-gencatlg</subfield>
  </datafield>
  <datafield ind1=" " ind2=" " tag="955">
    <subfield code="a">qr14 03-04-92; sb16 01-15-99;</subfield>
  </datafield>
  <datafield ind1=" " ind2=" " tag="010">
    <subfield code="a">   06035767 </subfield>
  </datafield>
  <datafield ind1=" " ind2=" " tag="040">
    <subfield code="a">DLC</subfield>
    <subfield code="c">DLC</subfield>
    <subfield code="d">DLC</subfield>
  </datafield>
  <datafield ind1="0" ind2="0" tag="050">
    <subfield code="a">E449</subfield>
    <subfield code="b">.S8963</subfield>
  </datafield>
  <datafield ind1="0" ind2="0" tag="050">
    <subfield code="a">Microfilm 24330 E</subfield>
  </datafield>
  <datafield ind1=" " ind2=" " tag="051">
    <subfield code="a">E185</subfield>
    <subfield code="b">.A254 container U, no. 309</subfield>
    <subfield code="c">Another copy. Formerly part of YA Collection: YA 16700. Source unknown.</subfield>
  </datafield>
  <datafield ind1="0" ind2="0" tag="245">
    <subfield code="a">Uncle Tom in England:</subfield>
    <subfield code="b">the London times on Uncle Tom's cabin; a review from the London times of Friday, September 3d, 1852. Evils of slavery, method of its removal, danger of agitation, colonization, &amp;c.</subfield>
  </datafield>
  <datafield ind1=" " ind2=" " tag="260">
    <subfield code="a">New York,</subfield>
    <subfield code="b">Bunce &amp; Brother, Publishers,</subfield>
    <subfield code="c">1852.</subfield>
  </datafield>
  <datafield ind1=" " ind2=" " tag="300">
    <subfield code="a">8 p.</subfield>
    <subfield code="c">23 cm.</subfield>
  </datafield>
  <datafield ind1=" " ind2=" " tag="530">
    <subfield code="a">Also available in digital form on the Library of Congress Web site, and on microfilm.</subfield>
  </datafield>
  <datafield ind1=" " ind2=" " tag="583">
    <subfield code="a">Replace;</subfield>
    <subfield code="z">LC copy replaced by preservation microfilm</subfield>
    <subfield code="5">DLC</subfield>
  </datafield>
  <datafield ind1="1" ind2="0" tag="600">
    <subfield code="a">Stowe, Harriet Beecher,</subfield>
    <subfield code="d">1811-1896.</subfield>
    <subfield code="t">Uncle Tom's cabin.</subfield>
  </datafield>
  <datafield ind1="0" ind2="0" tag="600">
    <subfield code="a">Uncle Tom</subfield>
    <subfield code="c">(Fictitious character)</subfield>
  </datafield>
  <datafield ind1="2" ind2=" " tag="710">
    <subfield code="a">African American Pamphlet Collection (Library of Congress)</subfield>
    <subfield code="5">DLC</subfield>
  </datafield>
  <datafield ind1="0" ind2=" " tag="730">
    <subfield code="a">Times (London, England)</subfield>
  </datafield>
  <datafield ind1="4" ind2="1" tag="856">
    <subfield code="d">rbaapc</subfield>
    <subfield code="f">30900</subfield>
    <subfield code="u">https://hdl.loc.gov/loc.rbc/rbaapc.30900</subfield>
  </datafield>
  <datafield ind1=" " ind2=" " tag="985">
    <subfield code="a">rarebk/afam</subfield>
    <subfield code="e">ammem</subfield>
  </datafield>
  <datafield ind1=" " ind2=" " tag="985">
    <subfield code="a">pmosl</subfield>
  </datafield>
  <datafield ind1=" " ind2=" " tag="985">
    <subfield code="e">mvp</subfield>
    <subfield code="f">zz01</subfield>
  </datafield>
  <datafield ind1=" " ind2=" " tag="985">
    <subfield code="a">rarebk/scd</subfield>
  </datafield>
  <datafield ind1=" " ind2=" " tag="991">
    <subfield code="b">c-GenColl</subfield>
    <subfield code="h">E449</subfield>
    <subfield code="i">.S8963</subfield>
    <subfield code="t">Copy 1</subfield>
    <subfield code="w">PREM</subfield>
  </datafield>
  <datafield ind1=" " ind2=" " tag="991">
    <subfield code="b">c-MicRR</subfield>
    <subfield code="h">Microfilm 24330 E</subfield>
    <subfield code="t">Copy 1</subfield>
    <subfield code="w">PREM</subfield>
  </datafield>
  <datafield ind1=" " ind2=" " tag="991">
    <subfield code="b">c-RareBook</subfield>
    <subfield code="h">E185</subfield>
    <subfield code="i">.A254 container U, no. 309</subfield>
    <subfield code="t">Copy 1</subfield>
    <subfield code="m">Afr Am Pam</subfield>
    <subfield code="w">PREM</subfield>
  </datafield>
</record>
